Eastern Utah Libraries Catalog: Duchesne, Heber, Roosevelt, & Vernal

Even better than sprinkles : (Record no. 408111)

MARC details
000 -LEADER
fixed length control field 01694pam a2200421 i 4500
001 - CONTROL NUMBER
control field 1398513587
003 - CONTROL NUMBER IDENTIFIER
control field DLC
005 - DATE AND TIME OF LATEST TRANSACTION
control field 20250523125925.0
007 - PHYSICAL DESCRIPTION FIXED FIELD--GENERAL INFORMATION
fixed length control field t||
008 - FIXED-LENGTH DATA ELEMENTS--GENERAL INFORMATION
fixed length control field 240528s2024 nyua b 000 1 eng
010 ## - LIBRARY OF CONGRESS CONTROL NUMBER
LC control number 2023034987
020 ## - INTERNATIONAL STANDARD BOOK NUMBER
International Standard Book Number 9780593705513
Qualifying information hardcover
020 ## - INTERNATIONAL STANDARD BOOK NUMBER
International Standard Book Number 9780593705520
Qualifying information library binding
020 ## - INTERNATIONAL STANDARD BOOK NUMBER
International Standard Book Number 0593705513
035 ## - SYSTEM CONTROL NUMBER
System control number (OCoLC)1398513587
040 ## - CATALOGING SOURCE
Original cataloging agency DLC
Language of cataloging eng
Description conventions rda
Transcribing agency DLC
Modifying agency IMmBT
042 ## - AUTHENTICATION CODE
Authentication code pcc
-- cyac
092 ## - LOCALLY ASSIGNED DEWEY CALL NUMBER (OCLC)
Classification number children nonfiction
Item number Skeers
100 1# - MAIN ENTRY--PERSONAL NAME
Personal name Skeers, Linda,
Relator term author.
Relator code aut.
9 (RLIN) 6314427
245 10 - TITLE STATEMENT
Title Even better than sprinkles :
Remainder of title a story about best friends /
Statement of responsibility, etc written by Linda Skeers ; illustrated by Heather Fox.
250 ## - EDITION STATEMENT
Edition statement First edition.
264 #1 - Production, Publication, Distribution, Manufacture, and Copyright Notice.
Place of production, publication, distribution, manufacture New York :
Name of producer, publisher, distributor, manufacturer Random House Studio,
Date of production, publication, distribution, manufacture, or copyr [2024]
300 ## - PHYSICAL DESCRIPTION
Extent 1 volume (unpaged) :
Other physical details color illustrations ;
Dimensions 29 cm.
336 ## - Content Type
Content type term text
336 ## - Content Type
Content type term still image
337 ## - Media type
Media type term unmediated
338 ## - Carrier type
Carrier type term volume
520 ## - SUMMARY, ETC.
Summary, etc When two best friends get into a tiff, they learn how to repair their friendship with a homemade card with glitter, a special cupcake with sprinkles, and most importantly an apology.
521 ## - TARGET AUDIENCE NOTE
Target audience note Ages 4-8.
Source Random House Studio.
650 #1 - SUBJECT ADDED ENTRY--TOPICAL TERM
Topical term or geographic name as entry element Apologizing
Form subdivision Fiction.
9 (RLIN) 6358545
650 #1 - SUBJECT ADDED ENTRY--TOPICAL TERM
Topical term or geographic name as entry element Best friends
Form subdivision Fiction.
9 (RLIN) 5675106
650 #1 - SUBJECT ADDED ENTRY--TOPICAL TERM
Topical term or geographic name as entry element Friendship
Form subdivision Fiction.
9 (RLIN) 5673769
650 #1 - SUBJECT ADDED ENTRY--TOPICAL TERM
Topical term or geographic name as entry element Picture books.
655 #7 - INDEX TERM--GENRE/FORM
Genre/form data or focus term Picture books.
Source of term lcgft.
700 1# - ADDED ENTRY--PERSONAL NAME
Personal name Fox, Heather,
Relator term illustrator.
9 (RLIN) 6005271
776 08 - ADDITIONAL PHYSICAL FORM ENTRY
Display text Online version:
Main entry heading Skeers, Linda.
Title Even better than sprinkles
Edition First edition.
Place, publisher, and date of publication New York : Random House Studio, [2024]
International Standard Book Number 9780593705537
Record control number (DLC) 2023034988.
942 ## - ADDED ENTRY ELEMENTS (KOHA)
Source of classification or shelving scheme Dewey Decimal Classification
Koha item type BOOK
Holdings
Withdrawn status Lost status Source of classification or shelving scheme Damaged status Not for loan Collection code Home library Current library Shelving location Date acquired Source of acquisition Total Checkouts Total Renewals Full call number Barcode Date last seen Date checked out Cost, replacement price Price effective from Koha item type
    Dewey Decimal Classification     Children NonFiction Wasatch County Library Wasatch County Library Main Floor Childrens Area 05/23/2025 Micromarketing 3 3 E Social Friendship Skeers 34301002155630 01/05/2026 12/11/2025 18.99 05/23/2025 BOOK
This project was made possible through a grant from the Institute of Museum and Library Service administered by the Utah State Library Division.

Wasatch County Library

  • 465 East 1200 South, Heber City, Utah 84032
  • Phone 435-654-1511 | Fax 435-654-6456

Hours

  • Monday - Friday 9:30 AM - 8:00 PM
  • Saturday 9:30 AM - 1:30 PM
  • Closed Sundays and Holidays